| 000 | 00399nam a22001697a 4500 | ||
|---|---|---|---|
| 003 | OSt | ||
| 008 | 240330b |||||||| |||| 00| 0 eng d | ||
| 020 | _a9789383992294 | ||
| 082 | _a621.3821 SIA | ||
| 100 | _aSINGH,Gurdas | ||
| 245 | _aAdhoc and Sensor Networks | ||
| 250 | _a2nd Ed | ||
| 260 |
_aNew Delhi _bBhavya Books _c2018 |
||
| 300 | _a236 | ||
| 700 | _aSINGH,Gurpreet | ||
| 942 |
_2ddc _cREF |
||
| 999 |
_c12350 _d12350 |
||